MDQL
is popping MORE tags! Check the
thread
!
Quizzes
Events
Quiz Creation
Community
Videos
Private Events
Remove Ads
Sign In
Join for FREE
Feedback
Dark Mode
Quiz Categories
Sports
Geography
Music
Movies
Television
Just For Fun
Miscellaneous
History
Literature
Language
Science
Gaming
Entertainment
Religion
Holiday
For Kids
Quiz Lab
Recent
Popular Today
Quiz Kudos Today
Editor Picks
Curator Picks
Quizzes by...
Day
Popularity
Type
Ratings
Length
Year
Community
Subscriptions
Recent Discussions
Orange Saloon
Badges
Playlists
Quests
Create
Leaderboards
Showdown
Live 5
Trivia Bingo
Activity
Puzzle Library
Sporcle Events
Private Events
Virtual Trivia
Globe League
Become a Host
Pub Owners
SporcleCon
Opinionation
Our Games
Videos
Blog
Mobile Apps
Partnerships
Remove Ads and Go Orange
Feedback
Sports
Athletes
MLB
NBA
NHL
NFL
Soccer
Sports Teams
WWE
NCAA
Football
Premier League
Basketball
Baseball
Hockey
Golf
Tennis
Cricket
Rugby
Auto Racing
Olympics
World Cup
Sports
Athletes
MLB
NBA
NHL
NFL
Soccer
Sports Teams
WWE
NCAA
Football
Premier League
Basketball
Baseball
Hockey
Golf
Tennis
Cricket
Rugby
Auto Racing
Olympics
World Cup
Random Quiz
Search Sporcle
×
Curator Pick
Curator Pick
Sports
Auto Racing
Type in answers that appear in a list
Type in answers that appear in a list
Classic
Best Score? Go Orange.
Most laps led in Formula 1 Stats
Can you name the drivers who led the most laps in F1?
By
janinho
2m
19 Questions
853 Plays
853 Plays
853 Plays
Comments
Comments
Give Quiz Kudos
Give Quiz Kudos
-
- Ratings
hide this ad
More Info
Replay
Link that replays current quiz
Next Quiz
Link to next quiz in quiz playlist
You Got
0%
They Got
Avg Score
85%
Avg Friend Score
Upgrade to see
Score Distribution
Jump to the score distribution portion of the page
Score
0/19
Timer
02:00
0
Plays Today
Nation
Name
% Correct
United Kingdom
Lewis Hamilton
99.2%
Germany
Michael Schumacher
98.8%
Brazil
Ayrton Senna
97.9%
France
Alain Prost
97.4%
Germany
Sebastian Vettel
96.8%
Spain
Fernando Alonso
95.9%
Netherlands
Max Verstappen
94.8%
Finland
Mika Häkkinen
92.3%
Finland
Kimi Räikkönen
92.1%
Austria
Niki Lauda
90.9%
Nation
Name
% Correct
Argentina
Juan Manuel Fangio
88.5%
United Kingdom
Nigel Mansell
85.8%
United Kingdom
Graham Hill
85.7%
United Kingdom
Damon Hill
85.6%
United Kingdom
Jackie Stewart
85.1%
Brazil
Nelson Piquet
83.6%
United Kingdom
Jim Clark
82.3%
Germany
Nico Rosberg
78.8%
United Kingdom
Stirling Moss
64%
Quiz Playlist
Details
Report
Send in Message
Add To Playlist
More Info:
This game shows the state of data as of January 2024
Classic:
Type in answers that appear in a list
Last Updated: Jan 24, 2024
Curator Pick in
Auto Racing
Quiz Scoreboard
CHALLENGE
Sign Up to Join the Scoreboard
Show All
Scores
Hide
Comments
May contain spoilers
Recently Published
Two Season TV Shows II
by 123Four
Television
10m
Image Sorting: Flags VI
by Barbecue
Geography
2m
Find the 'City' Movie
by crazypaving
Movies
60s
More to Explore
Quiz From the Vault
Featured Blog Post
14 Easter Pick-up Lines to Find Eggs With
hide this ad
You Might Also Like...
Tags
Auto Racing Quiz
formula
Formula 1
Formula One
motorsport
Motorsport World
Today's Top Quizzes in Sports
Browse Sports
hide this ad
Today's Top Quizzes in Auto Racing
Browse Auto Racing
Top Contributed Quizzes in Sports
1
Les meilleurs buteurs des matchs entre le PSG et l’OM
2
Les entraîneurs de l'OM et du PSG au 21e siècle
3
2022 World Cup Stars
4
Les joueurs passés par le PSG et l'OM
5
Players with Multiple 50 Home Run Seasons
6
FIFA Club World Cup Champions
7
Criteria MLB: Left Handed Sluggers
8
Les joueurs passés par le LOSC et le RC Lens
9
Top 10 NHL Goal Scorers of All Time
10
MLB Players with Two .350 Batting Average Seasons
Explore More
Trending Topics
Kpop
Anime
Harry Potter
Marvel
NBA
Crossword
Disney
NFL
Pokémon
Song
Country
The Office
Soccer
WWE
Puzzle
hide this ad
More By:
janinho
Quiz
Plays
Rating
Category
Featured
Created
FIFA World Cup 2018 Nations by Capital
7,277
4.68
Sports
Nov 15, 2017
F1 Drivers 2010-2019
6,054
4.70
Sports
May 13, 2016
Royal Rumble Participants (2010-2018)
2,094
5.00
Sports
Jan 3, 2017
WWE Heavyweight Champions (1963-2024)
1,260
3.25
Sports
Oct 24, 2016
F1 Race Winners since 2000
1,011
5.00
Sports
Jun 2, 2016
Go to Creator's Profile
Score Distribution
Quiz Creator Spotlight
janinho
Follow
Send a Message
Quizzes Created
-
Created Quiz Play Count
-
More By This Creator
Popular Quizzes Today
1
Find the US States - No Outlines Minefield
2
Colored Red Africa Blitz
3
Find the 'City' Movie
4
5x2 Blitz: Bands
5
The Countries of the World
6
Find the Countries of Europe - No Outlines Minefield
7
Find the US States
8
US States
More Sports Quizzes
Universal Champions in Reverse
Quiz Lab
Trending Quizzes
Colored Red Europe Blitz I
Colored Red Africa Blitz II
Colored Red Europe Blitz II
Colored Red Africa Blitz III
Colored Red Europe Blitz III
Recently Updated
How Do You Spell That?
pecheneg
Godzilla Movies
pecheneg
Grab Bag: 4-10 Letters
pecheneg
2024 March Madness Bracket
pecheneg
Famous TV Couples
Peacemaker
Champions League XIs: Real Madrid
pecheneg
Largest US Cities 1790-2010
pecheneg
Rides in Walt Disney World
pecheneg
Most Oscar Losses (Acting)
pecheneg
Beyoncé Albums
pecheneg
Trending Topics
Harry Potter
Disney
Anime
NBA
Crossword
Kpop
Marvel
Country
The Office
Puzzle
Soccer
WWE
Pokémon
Song
NFL
Your Account Isn't Verified!
In order to create a playlist on Sporcle, you need to verify the email address you used during registration. Go to your
Sporcle Settings
to finish the process.
Report this User
Report this user for behavior that violates our
Community Guidelines
.
Details:
Send Report
Go to the Sporcle.com Mobile Site →
Comments